| 000 | 00514nam a22001817a 4500 | ||
|---|---|---|---|
| 999 |
_c17824 _d17824 |
||
| 003 | AR-CdUCM | ||
| 008 | 190509b ||||| |||| 00| 0 sp d | ||
| 040 |
_aMUNICIPALIDAD PROVINCIAL DEL CUSCO _cBIBLIOTECA MUNICIPAL DEL CUSCO |
||
| 082 |
_a869.501 / _bV95 |
||
| 100 |
_aLauer, Mirco _938007 |
||
| 245 | _aVuelta a la otra margen / | ||
| 260 |
_aLima : _bCasa de la cultura, _c1970. |
||
| 300 |
_a216 páginas ; _c18 cm. |
||
| 505 | _aPoesía. | ||
| 650 |
_aPoesía. _9139 |
||
| 942 |
_2ddc _cLIBROS |
||
| 945 | _awfj | ||